| 000 | 00712nam a2200193Ii 4500 | ||
|---|---|---|---|
| 003 | JO-AjNU | ||
| 008 | 230605s9999||||xx |||||||||||||| ||und|| | ||
| 040 |
_aJO-AjNU _bara _erda _cJO-AjNU |
||
| 041 | _aara | ||
| 050 | 1 | 4 | _aSH151 2006 |
| 100 | 3 |
_aالمطر ، سليمان محمد, _eauthor _918428 |
|
| 245 | 0 | 0 | _aاسماك الزبيدي:دراسة تناول حياتها وتجارب استزراعها الكويتية |
| 264 | 3 | 1 | _aالكويت:مركز البحوث والدراسات الكويتية ، 2006 |
| 300 |
_a219ص _bصور توضيجية |
||
| 336 |
_atext _btxt _2rdacontent |
||
| 337 |
_aunmediated _bn _2rdamedia |
||
| 338 |
_avolume _bnc _2rdacarrier |
||
| 650 | 4 |
_aالسمك _918429 |
|
| 999 |
_aA5892 _c9460 _d9460 |
||